Normal view
MARC view
- Keogh, John G.
Entry Personal Name
001 - CONTROL NUMBER
- control field: 64227
003 - CONTROL NUMBER IDENTIFIER
- control field: OSt
005 - DATE AND TIME OF LATEST TRANSACTION
- control field: 20241118090330.0
008 - FIXED-LENGTH DATA ELEMENTS
- fixed length control field: 241118|| aca||aabn | a|a d
040 ## - CATALOGING SOURCE
- Original cataloging agency: OSt
100 ## - HEADING--PERSONAL NAME
- Personal name: Keogh, John G.
- Relator term: author.
